| 000 | 00000nam##2200000za#4500 |
| 001 | 9.646383 |
| 003 | CaOODSP |
| 005 | 20200330132731 |
| 007 | ta |
| 008 | 150407|1996||||xxc||||| f|0| 0 eng|d |
| 020 | |a0-662-25194-6 |
| 040 | |aCaOODSP|beng |
| 043 | |an-cn--- |
| 086 | 1 |aH68-40/1996E |
| 110 | 1 |aCanada.|bHealth Canada. |bNational Council of Welfare. |
| 245 | 10|aGambling in Canada : |ba report by the National Council of Welfare |
| 260 | |aOttawa - Ontario : |bHealth Canada. |c1996. |
| 300 | |a73p. : |breferences, tables ; |c28 cm. |
| 500 | |aContents: Preface.--Gambling: a multi-billion-dollar industry.--Gambling and problem gambling.--Who are the problem gamblers?--The social and financial costs of problem and pathological gambling.--Special groups gamblers.--Conclusion and recommendations.--Appendix A: The South Oaks gambling screen questionnaire.--Appendix B: Programs and services to combat problem gambling.--Footnotes. |
| 563 | |aSoftcover |
| 590 | |a96-51|b1996-12-20 |
| 690 | 07|aGambling|2gcpds |
| 775 | 08|tLes jeux de hasard au Canada : |w(CaOODSP)9.679931 |
| 776 | 0#|tGambling in Canada |w(CaOODSP)9.696587 |